Một số cách tiếp cận lý thuyết và phương pháp trong nghiên cứu về tình dục trên thế giới /

Salvato in:
Dettagli Bibliografici
Autore principale: Lê Thu Hiền.
Natura: Articolo
Lingua:Vietnamese
Soggetti:
Tags: Aggiungi Tag
Nessun Tag, puoi essere il primo ad aggiungerne! !
Thư viện lưu trữ: Thư viện Trường Đại học Đà Lạt
LEADER 00856nam a2200265 4500
001 DLU180188913
005 ##20181205
040 # # |a DLU  |b vie 
041 # # |a vie 
044 # # |a vn 
100 # # |a Lê Thu Hiền. 
245 # # |a Một số cách tiếp cận lý thuyết và phương pháp trong nghiên cứu về tình dục trên thế giới /  |c Lê Thu Hiền. 
653 # # |a Nghiên cứu tình dục  
653 # # |a Phương pháp nghiên cứu 
653 # # |a Tiếp cận lý thuyết  
773 # # |t Thông tin khoa học xã hội  |g Số 9(405), 2016, tr. 23-30 
920 # # |a Phòng Tạp chí -- Trung tâm Thông tin - Thư viện Trường Đại học Đà Lạt 
994 # # |a DLU 
900 # # |a True 
911 # # |a Nguyễn Thị Thu Phương 
925 # # |a G 
926 # # |a A 
927 # # |a BB 
980 # # |a Thư viện Trường Đại học Đà Lạt